Normal view
MARC view
- Palacios Vicario, Beatriz
Entry Nombre Personal
001 - NUMERO DE CONTROL
- campo de control: 45340
003 - IDENTIFICADOR DE NUMERO DE CONTROL
- campo de control: UPN
005 - FECHA Y HORA DE LA ÜLTIMA TRANSACCIÓN
- campo de control: 20220718095858.0
008 - DATOS DE LONGITUD FIJA
- campo de control de longitud fija: 220718|| acn||aabn | a|a d
024 7# - OTROS IDENTIFICADORES NORMALIZADOS
- Fuente: orcid
- Número normalizado o código: 0000-0002-3559-9995
040 ## - FUENTE DE CATALOGACIÓN
- Agencia original de catalogación: MX-MxUPN
100 ## - ENCABEZAMIENTO - NOMBRE PERSONAL
- Nombre personal: Palacios Vicario, Beatriz
370 ## - LUGAR ASOCIADO
- Associated country: Salamanca, España
371 ## - DIRECCIÓN
- Electronic mail address: bpalaciosvi@upsa.es
372 ## - CAMPO DE ACTIVIDAD
- Field of activity: Psicología
- Field of activity: Psicopedagogia
373 ## - GRUPO ASOCIADO
- Associated group: Pontificia universidad de Salamanca. Facultad de Psicología
374 ## - OCUPACIÓN
- Occupation: Psicóloga
- Occupation: Profesora - Investigadora universitaria
670 ## - FUENTE EN LA QUE SE LOCALIZARON DATOS
- Cita de la fuente: En recurso en línea : Pedagogía social : revista interuniversitaria, No. 23 (2014)
- Información localizada: Portada de artículo (Beatriz Palacios Vicario)
- Uniform Resource Identifier: https://recyt.fecyt.es/index.php/PSRI/article/view/37090
902 ## - CATALOGADOR
- Catalogador: BLSM / 180722
